<?xml version="1.0" encoding="UTF-8"?>
<marc:record xmlns:marc="http://www.loc.gov/MARC21/slim">
   <marc:leader>00000nam a2200000 a 4500</marc:leader>
   <marc:datafield ind1="1" ind2=" " tag="100">
      <marc:subfield code="a">Pennypacker, Sara</marc:subfield>
      <marc:subfield code="4">aut</marc:subfield>
      <marc:subfield code="e">Verfasser/-in</marc:subfield>
   </marc:datafield>
   <marc:datafield ind1="0" ind2="0" tag="245">
      <marc:subfield code="a">Mein Freund Pax</marc:subfield>
   </marc:datafield>
   <marc:datafield ind1="0" ind2="0" tag="245">
      <marc:subfield code="c">Pennypacker, Sara</marc:subfield>
   </marc:datafield>
   <marc:datafield ind1=" " ind2="1" tag="264">
      <marc:subfield code="a">Frankfurt am Main</marc:subfield>
      <marc:subfield code="b">FISCHER Sauerländer</marc:subfield>
      <marc:subfield code="c">2017</marc:subfield>
   </marc:datafield>
   <marc:datafield ind1=" " ind2=" " tag="250">
      <marc:subfield code="a">1. Aufl.</marc:subfield>
   </marc:datafield>
   <marc:datafield ind1="1" ind2=" " tag="520">
      <marc:subfield code="a">Peter hat den Fuchswelpen Pax vor dem sicheren Tod gerettet und aufgezogen  seitdem sind die beiden unzertrennlich. Peter und Pax verstehen sich ohne Worte, und nur zusammen fühlen sie sich ganz. Aber dann kommt der Krieg und reißt die beiden auseinander. Zwischen ihnen liegen Hunderte von Kilometern und warten tausend Gefahren, doch von ihrer Sehnsucht getrieben, kennen die beiden nur einen Gedanken: den anderen wiederzufinden Sara Pennypacker und Jon Klassen haben eine berührend-poetische Freundschaftsgeschichte geschaffen, die gleichzeitig ein Plädoyer für Menschlichkeit in Zeiten des Krieges ist. Mit zwölf schwarz-weiß Illustrationen von Jon Klassen.Die Presse über das Buch: »Was dieses Buch so einzigartig macht, ist die Qualität von Pennypackers Prosa  und die Kraft der Liebe zwischen Pax und Peter, der sich kein Leser entziehen kann. [Verlagsmeldung]</marc:subfield>
   </marc:datafield>
   <marc:datafield ind1=" " ind2=" " tag="020">
      <marc:subfield code="a">9783737352307</marc:subfield>
      <marc:subfield code="9">9783737352307</marc:subfield>
   </marc:datafield>
   <marc:datafield ind1=" " ind2=" " tag="020">
      <marc:subfield code="a">3737352305</marc:subfield>
      <marc:subfield code="9">3737352305</marc:subfield>
   </marc:datafield>
   <marc:datafield ind1=" " ind2=" " tag="041">
      <marc:subfield code="a">ger</marc:subfield>
   </marc:datafield>
   <marc:datafield ind1=" " ind2=" " tag="300">
      <marc:subfield code="b">Ill.</marc:subfield>
   </marc:datafield>
   <marc:datafield ind1=" " ind2=" " tag="338">
      <marc:subfield code="a">Band</marc:subfield>
   </marc:datafield>
   <marc:datafield ind1=" " ind2=" " tag="300">
      <marc:subfield code="a">296 S.</marc:subfield>
   </marc:datafield>
</marc:record>
